Statistics for Kelly Clarkson songs by album

Click here to take the quiz!

General Stats

  • This quiz has been taken 35 times
  • The average score is 49 of 92

Answer Stats

Kelly Clarkson Answer % Correct
BREAKAWAYBreakaway
92%
Stronger (What Doesn't Kill You)
88%
Because Of You
84%
Since U Been Gone
84%
Behind These Hazel Eyes
80%
A Moment Like This
76%
Piece By Piece
76%
ALL I EVER WANTEDMy Life Would Suck Without You
72%
MY DECEMBERNever Again
72%
Thankful
72%
Addicted
72%
MY DECEMBER (Hidden Track)Chivas
72%
ALL I EVER WANTED (iTunes Pre-Order & Japanese Bonus)Can We Go Back
72%
PIECE BY PIECEHeartbeat Song
72%
Miss Independent
72%
Walk Away
72%
MY DECEMBER (Japanese Bonus)Fading
68%
Sober
68%
I Do Not Hook Up
64%
Cry
64%
You Found Me
64%
Invincible
64%
All I Ever Wanted
64%
Beautiful Disaster (Live)
64%
Beautiful Disaster
64%
STRONGERMr. Know It All
64%
The Trouble With Love Is
60%
Already Gone
60%
Haunted
60%
Dark Side
60%
Low
60%
Hear Me
60%
Where Is Your Heart
60%
Gone
60%
Don't Let Me Stop You
56%
Don't Waste Your Time
56%
Hole
56%
Irvine
56%
Einstein
56%
Let Me Down
56%
The Day We Fell Apart
52%
If No One Will Listen
52%
Impossible
52%
Save You
52%
Judas
52%
Honestly
52%
I Hate Myself For Losing You
52%
Breaking Your Own Heart
52%
One Minute
52%
Yeah
52%
The War Is Over
48%
Long Shot
48%
I Forgive You
48%
You Love Me
48%
You Thought Wrong
48%
Run Run Run
48%
Maybe
48%
Before Your Love
48%
Someone
44%
You Can't Win
44%
Don't Be A Girl About It
44%
THANKFULJust Missed The Train
44%
Be Still
44%
Anytime
44%
I Want You
44%
How I Feel
44%
Whyyawannabringmedown
44%
If I Can't Have You
44%
Can I Have A Kiss
44%
Alone
40%
The Sun Will Rise
40%
Tightrope
40%
Hello
40%
Ready
40%
Take You High
40%
Some Kind Of Miracle
36%
War Paint
36%
Good Goes The Bye
36%
I Had A Dream
36%
In The Blue
36%
ALL I EVER WANTED (Deluxe)Tip Of My Tongue
36%
STRONGER (Deluxe)Don't You Wanna Stay
36%
Standing In Front Of You
36%
Let Your Tears Fall
32%
Dance With Me
32%
Nostalgic
32%
Not Today
32%
PIECE BY PIECE (Deluxe)Bad Reputation
32%
Second Wind
32%
What's Up Lonely
28%
STRONGER (iTunes Bonus)Why Don't You Try
28%
MY DECEMBER (iTunes Bonus)Dirty Little Secret
28%

Score Distribution

Percentile by Number Answered

Percent of People with Each Score

Your Score History

You have not taken this quiz